Faktory ovplyvňujúce ziskovosť vo vybranom sektore malých a stredných podnikov v Slovenskej republike - empirická štúdia

Analýza a zhodnotenie vývoja ziskovosti malých a stredných podnikov vo vybranom sektore strojárstva na Slovensku.

Salvato in:
Dettagli Bibliografici
Autore principale: Lesáková, Ľubica
Altri autori: Ondrušová, Andrea
Natura: Capitolo di libro
Lingua:slovacco
Soggetti:
Tags: Aggiungi Tag
Nessun Tag, puoi essere il primo ad aggiungerne!!

MARC

LEADER 00000naa a2200000 4500
001 0241915
005 20221104111338.8
041 0 |a slo 
044 |a SK 
245 1 0 |a Faktory ovplyvňujúce ziskovosť vo vybranom sektore malých a stredných podnikov v Slovenskej republike - empirická štúdia  |c Ľubica Lesáková, Andrea Ondrušová 
520 |a Analýza a zhodnotenie vývoja ziskovosti malých a stredných podnikov vo vybranom sektore strojárstva na Slovensku. 
610 2 0 |a podnik strojársky 
610 2 0 |a Slovensko 
610 2 0 |a analýza ekonomická 
610 2 0 |a podnik malý 
610 2 0 |a podnik stredný 
610 2 0 |a zisk ekonomický 
610 2 0 |a zisk podnikový 
610 2 0 |a ukazovatele finančné 
100 1 |a Lesáková, Ľubica 
700 1 |a Ondrušová, Andrea